00785nac a22002657a 4500001001000000003000900010005001700019008003400036040005400070072000800124100002000132100002400152100001700176100002900193100001800222110005000240245004200290260003300332300001000365490008100375500002200456650001300478650001000491650001800501BR0103435BR-BrBNA20240105122557.0230509b bl.|||m| |||| 00| 0 por d aBR-BrBNAbporcBiblioteca Nacional de Agricultura aN201 aCardoso, E.M.R.1 aMascarenhas, R.E.B.1 aBastos, T.X.1 aModesto Junior, M. de S.1 aSampaio, J.E.1 aEMBRAPA Amazonia Oriental, Belem, PA (Brasil)1 aSecador solar para raspas de mandioca3 aBelem, PA (Brasil): c1999.  a18 p. aCircular Tecnica - EMBRAPA Amazonia Oriental (Brazil)vno. 1xISSN 1517-221X a11 ref.; 7 illus. aMandioca aRaspa aSecador Solar